| 000 | 00821cam a2200229 4500 | ||
|---|---|---|---|
| 008 | 031209n2004 000 0 eng u | ||
| 020 | _a0853088918 | ||
| 035 | _a(Sirsi) u124576 | ||
| 041 | _aeng | ||
| 050 |
_a336.22 _c18 |
||
| 100 | _aNock, R. | ||
| 245 |
_aStamp Duty Land Tax _bthe new law |
||
| 260 |
_aBristol _bJordan _c2004 |
||
| 300 |
_axxxviii, 547p. _c25cm. |
||
| 350 | _a45 | ||
| 520 | _aStamp Duty Land Tax is a self-assessed tax on UK land transactions. It is fundamentally different from stamp duty, which is a tax on the legal effect of specific documents. This comprehensive text covers all aspects of the new tax, and provides a thorough analysis of Stamp Duty Land Tax. | ||
| 650 | _aSTAMP DUTY LAND TAX | ||
| 650 | _aSTAMP DUTY | ||
| 650 | _aLAND TAX | ||
| 690 | _aPROPERTY | ||
| 942 | _n0 | ||
| 999 |
_c103248 _d103248 |
||